| 000 | 00723nam a22001337a 4500 | ||
|---|---|---|---|
| 040 | _cRUA | ||
| 082 | _aAVM CHI 2013 B109 Or.1 | ||
| 100 | _aCHIM, PUTH. | ||
| 245 | _aSurvey on infectious disease of chicken raising of pattern farmers in prey kabbas district takeo province, ការអង្កេតពីជំងឺសំខាន់ៗដែលជួបប្រទះលើមាន់ចិញ្ចឹមជាលក្ខណៈគ្រួសារនៅស្រុកព្រៃកប្បាស ខេត្ដតាកែវ | ||
| 260 |
_aPhnom Penh _bRUA _c2013 |
||
| 300 |
_ax; 35p. _bill. _c29cm. |
||
| 856 | _uhttps://drive.google.com/file/d/1Nd0fhiSi_lBcyopukK3OrJctoSSeANZj/view?usp=sharing | ||
| 942 | _cAVM | ||
| 999 |
_c2668 _d2668 |
||